Statystyki dla Stolice Świata Najbliższe Madrytowi - Jednominutowy Sprint

Kliknij tutaj aby rozwiązać quiz!

Ogólne statystyki

  • Ten quiz został rozwiązany 70 razy
  • Średni wynik to 10 z 20

Odpowiedzi na mapie

Odpowiedzi skodowane kolorowo w zielono-czerwonej skali na mapie do tego quizu, zgodnie z poniższymi procentami.
 

Statystyki odpowiedzi

kmStolica% Poprawnych
503Lizbona
92%
1053Paryż
92%
1363Rzym
83%
1265Londyn
81%
1319Bruksela
63%
1153Berno
56%
1453Dublin
54%
1483Amsterdam
53%
771Rabat
49%
991Monako
47%
1362Watykan
41%
1385San Marino
39%
719Algier
37%
1281Luksemburg
37%
1271Tunis
31%
1668Valletta
29%
1297Vaduz
24%
1702Zagrzeb
19%
1600Lublana
14%
494Andora la Vella
12%

Rozkład punktacji

Percentyl według liczby udzielonych odpowiedzi

Procent ludzi z każdym wynikiem

Twoja historia wyników

Nie rozwiązałeś tego quizu